Elementi del Quarto periodo - Statistics

Statistiche generali
  • Questo quiz è stato fatto 35 volte
  • Il punteggio medio è 16 su 18
Statistiche sulle risposte
Z Simbolo Elemento % Corretto
20 Ca Calcio
100%
26 Fe Ferro
100%
24 Cr Cromo
97%
19 K Potassio
97%
30 Zn Zinco
97%
29 Cu Rame
94%
35 Br Bromo
91%
27 Co Cobalto
91%
28 Ni Nichel
91%
31 Ga Gallio
88%
25 Mn Manganese
84%
33 As Arsenico
81%
22 Ti Titanio
81%
36 Kr Kripton
75%
32 Ge Germanio
72%
21 Sc Scandio
72%
34 Se Selenio
72%
23 V Vanadio
72%
Nessun quiz corrispondente trovato
Distribuzione punteggi
Percentuale di utenti per punteggio
Percentile per numero di risposta
I tuoi punteggi nel tempo
Non hai fatto questo quiz